| 000 | 00965cab a2200277 4500 | ||
|---|---|---|---|
| 001 | ABS46017 | ||
| 008 | 090401t1992 xxu||||| |||| 00| 0 eng d | ||
| 035 | _a(Sirsi) u56373 | ||
| 041 | _aeng | ||
| 100 | _aPowell-Smith, V. | ||
| 245 | _aArbitrator`s error in dismissing claims | ||
| 260 | _c1992 | ||
| 350 | _a0 | ||
| 490 |
_aContract Journal _v363(5866) 26 March 1992, 10-11(1) |
||
| 520 | _aHighlights errors made by arbitrators in considering claims. Refers to "Fairclough Building Ltd v Vale of Belvoir Superstore" 1990. | ||
| 650 | _aARBITRATORS | ||
| 650 | _aBUILT ENVIRONMENT-BUILDING CONTRACT FORMS | ||
| 650 | _aCLAIMS | ||
| 650 | _aCONTRACT CLAIMS | ||
| 650 | _aERRORS OF LAW | ||
| 650 | _aEXTENSION OF TIME | ||
| 650 | _aFAIRCLOUGH BUILDING LTD V VALE OF BELVOIR SUPERSTORE LTD | ||
| 690 | _aMANAGEMENT-DISPUTE AVOIDANCE, MANAGEMENT AND RESOLUTION-DISPUTE MANAGEMENT AND RESOLUTION-ARBITRATION | ||
| 942 | _n0 | ||
| 948 | _c04/03/1997 | ||
| 999 |
_c34376 _d34376 |
||